Zodpovedné správanie vybratého segmentu spotrebiteľov diplomová práca

Guardado en:
Detalles Bibliográficos
Autor principal: Jančošeková, Mária
Autor Corporativo: Obchodná fakulta EU. Katedra marketingu
Otros Autores: Vokounová, Dana, 1962-
Formato: Libro
Lenguaje:eslovaco
Publicado: Bratislava 2014
Etiquetas: Agregar Etiqueta
Sin Etiquetas, Sea el primero en etiquetar este registro!

MARC

LEADER 00000nbm a2200000 4500
001 0185948
005 20170201094031.2
041 0 |a slo 
044 |a SK 
245 1 0 |a Zodpovedné správanie vybratého segmentu spotrebiteľov  |b diplomová práca  |c Mária Jančošeková ; školiteľ: Dana Vokounová 
264 1 |a Bratislava  |c 2014 
300 |a 64 s. 
100 1 |a Jančošeková, Mária 
700 1 |a Vokounová, Dana, 1962- 
710 2 |a Obchodná fakulta EU. Katedra marketingu